[Event "IECG TG-2003-0-14805"]
[Site "IECG email"]
[Date "2003.03.03"]
[Round "1"]
[White "Oblock, Gregory"]
[Black "Rattay, Walter"]
[Result "0-1"]
[WhiteElo "1500"]
[BlackElo "1382"]
[PlyCount "40"]
[EventDate "2003.03.03"]
[EventType "tourn (corr)"]
[EventRounds "6"]
[SourceTitle "Corr 2024"]
[Source "ChessBase"]
[SourceDate "2023.10.19"]
[SourceVersion "1"]
[SourceVersionDate "2023.10.19"]
[SourceQuality "1"]

1. d4 d5 2. c4 c6 3. Nf3 Nf6 4. Nc3 dxc4 5. a4 Bg4 6. e4 e5 7. dxe5 Qxd1+ 8. Kxd1 Nfd7 9. Be2 Bxf3 10. gxf3 Nxe5 11. Kc2 Na6 12. b3 Nb4+ 13. Kb2 Nbd3+ 14. Bxd3 Nxd3+ 15. Kc2 Nxf2 16. Rf1 cxb3+ 17. Kxb3 Nd3 18. Be3 Bc5 19. Bxc5 Nxc5+ 20. Kc4 Nd7 0-1